Statistics for Con- Vocabulary words

Click here to take the quiz!

General Stats

  • This quiz has been taken 11 times
  • The average score is 8 of 20

Answer Stats

DefinitionAnswer% Correct
A type of building materialConcrete
78%
The obsession of society with the acquisition of shopping goodsConsumerism
78%
The relationship between the darkest and brightest part of an imageContrast
78%
To gather into a crowdCongregate
67%
A police officer in BritainConstable
67%
Describes figures that are identical in formCongruent
56%
Showing an attitude of superiorityCondescending
44%
A list of goods that has to be delivered, or a shop that sells second-hand goodsConsignment
44%
To think about something deeplyContemplate
44%
Sentence someone to a particular punishmentCondemn
33%
Describes something that is complicated or difficult to followConvoluted
33%
A series of interconnected itemsConcatenation
22%
A chemical reaction where small molecules are eliminatedCondensation
22%
A thin and clear membrane that covers the sclera of our eyesConjunctiva
22%
A feeling that a word brings in addition to its primary meaningConnotation
22%
Something that is similar to the style of things in the presentContemporary
22%
Describes something that is friendly and enjoyableConvivial
22%
Describes punishments that are appropriate to the crimes committedCondign
11%
An unproven mathematical or scientific theoremConjecture
11%
To allow something bad or harmful to happen secretlyConnive
11%

Score Distribution

Percentile by Number Answered

Percent of People with Each Score

Your Score History

You have not taken this quiz